000 00541nam a2200169Ia 4500
008 100122s9999 xx 000 0 und d
082 _b54193
_a824
100 _aगोडबोले अरुण
245 _aअंतत:
260 _bकौशिक प्रकाशन
_c1997
300 _a100
520 _aपुस्तक बाजूला ठेवले आहे.
620 _aपुस्तक बाजूला ठेवले आहे.
630 _aअंतत:
730 _aअंतत:
942 _cBOOK
999 _c431071
_d431068